Zákon o sčítaní obyvateľov, domov a bytov v roku 2001
Úplné znenie zákona č. 165/1998 o sčítaní obyvateľov, domov a bytov z 12. mája 1998. Plné znenie jednotlivých paragrafov tohto zákona.
Salvato in:
| Natura: | Capitolo di libro |
|---|---|
| Lingua: | slovacco |
| Soggetti: | |
| Tags: |
Nessun Tag, puoi essere il primo ad aggiungerne!!
|
MARC
| LEADER | 00000naa a2200000 4500 | ||
|---|---|---|---|
| 001 | r042115 | ||
| 005 | 20230906073345.7 | ||
| 041 | 0 | |a slo | |
| 044 | |a SK | ||
| 245 | 1 | 0 | |a Zákon o sčítaní obyvateľov, domov a bytov v roku 2001 |
| 520 | |a Úplné znenie zákona č. 165/1998 o sčítaní obyvateľov, domov a bytov z 12. mája 1998. Plné znenie jednotlivých paragrafov tohto zákona. | ||
| 610 | 2 | 0 | |a zákony |
| 610 | 2 | 0 | |a sčítanie ľudu |
| 610 | 2 | 0 | |a 2001 |
| 610 | 2 | 0 | |a Slovensko |